Na kole za zdravím /
Guardado en:
| Autor principal: | |
|---|---|
| Formato: | Libro |
| Lenguaje: | checo |
| Publicado: |
Praha :
Olympia,
1982
|
| Colección: | Edice: Sport a zdraví
|
| Etiquetas: |
Sin Etiquetas, Sea el primero en etiquetar este registro!
|
MARC
| LEADER | 00000nam a22000003a 4500 | ||
|---|---|---|---|
| 001 | stu17220 | ||
| 005 | 20150617225758.6 | ||
| 008 | 910402s1982----cs------------------cze-d | ||
| 040 | |a STU |b slo | ||
| 041 | 0 | |a cze | |
| 044 | |a cs | ||
| 080 | |a 796.6 | ||
| 100 | 1 | |a Hrubíšek, Ivo |4 aut | |
| 245 | 1 | |a Na kole za zdravím / |c [aut.]Hrubíšek,Ivo | |
| 260 | |a Praha : |b Olympia, |c 1982 | ||
| 300 | |a 196 s : |b Obr.,tab | ||
| 830 | 0 | |a Edice: Sport a zdraví | |
| 996 | |b C87814 |c C*87814 |l CCXXI |s P |a 0 |w stu17220_0001 | ||